Mise nebo vize? Kritika teorie podnikového poslání

Podstatné myšlienky práce profesora J.C. Camillusa (Katz Business School, University of Pittsburgh) "Strategic Vision and Organizational Performance: Capturing the Dimensions of Strategic Choise". Kritika názoru, že podnikové poslanie je východiskom pre formulovanie ďalších strategických úvah. Obsah...

Descrizione completa

Salvato in:
Dettagli Bibliografici
Natura: Capitolo di libro
Lingua:ceco
Soggetti:
Tags: Aggiungi Tag
Nessun Tag, puoi essere il primo ad aggiungerne!!

MARC

LEADER 00000naa a2200000 4500
001 r000352
005 20221213082448.9
041 0 |a cze 
044 |a CZ 
245 1 0 |a Mise nebo vize?  |b Kritika teorie podnikového poslání 
520 |a Podstatné myšlienky práce profesora J.C. Camillusa (Katz Business School, University of Pittsburgh) "Strategic Vision and Organizational Performance: Capturing the Dimensions of Strategic Choise". Kritika názoru, že podnikové poslanie je východiskom pre formulovanie ďalších strategických úvah. Obsah pojmu podnikové poslanie a jeho úloha v konkurenčnom zápase. Proces tvorby strategickej vízie podniku. 
610 2 0 |a podnik 
610 2 0 |a riadenie strategické 
610 2 0 |a stratégia podniková 
610 2 0 |a ciele podnikové 
610 2 0 |a konkurencia 
610 2 0 |a Camillus, J.C.